000 00505nam a2200193Ia 4500
003 OSt
005 20221007083056.0
006 a|||||r|||| 00| 0
007 ta
008 221006b |||||||| |||| 00| 0 eng d
024 _a23,456
037 _cDissertations
040 _aFLL
_cFLL
_beng
041 _2eng
_aeng
100 _aSingh Sudarshan
_9700254
245 0 _aLaw and practice relating to private companies in India
942 _cDIS
_2CC
999 _c1168725
_d1168725